LEADER 02620nam a2200481 a 4500
001 000996526
003 CZ BrMZK
005 20250918133353.0
007 ta
008 010825s2002 gw f 000 0 ger
020 |a 3-421-05624-2 
040 |a BOA001  |b cze 
245 0 0 |a Beste Deutsche Erzähler 2002 /  |c Verena Auffermann, Hrsg. 
260 |a Stuttgart :  |b Deutsche Verlags-Anstalt,  |c 2002 
300 |a 288 s. 
505 0 0 |t Sankt Martin /  |r Norbert Niemann --  |t Lebensregeln /  |r Petra Morsbach --  |t Biograph /  |r Daniel Kehlmann --  |t Larry /  |r Zsuzsa Bánk --  |t Ziska von der Zwergbirke /  |r Ulrich Holbein --  |t Onkel Hans /  |r Erica Pedretti --  |t Tapfer sein auf einem Bein /  |r Bruno Richard --  |t Sprachtier /  |r Sibylle Lewitscharoff --  |t Sieben Säcke /  |r Adolf Endler --  |t An eine aktivierte Dame oder Mein Jahrhundert in der vorletzten Nacht /  |r Antje Rávic Strubel --  |t Erleuchtung durch Fußball /  |r Ralf Rothmann --  |t Zukunft oder Ich sehe schwarz /  |r Katja Lange-Müller --  |t Zufällige Begegnung /  |r Peter Zeindler --  |t Geschenkte Stunde /  |r Juli Zeh --  |t Ferien des Monsieur Rinkiego /  |r Moritz Rinke --  |t Schlagen im Vorübergehen /  |r Julia Schoch --  |t Alexander Valley /  |r Gregor Hens --  |t Nach Syracuse /  |r Ingeborg Harms --  |t Wenn es regnet, dann regnet es immer gleich auf den Kopf /  |r Christina Griebel 
541 |a 1.12.2003 
655 7 |a antologie  |7 fd131819  |2 czenas 
655 7 |a povídky  |7 fd133105  |2 czenas 
700 1 |a Auffermann, Verena,  |d 1944-  |7 ola2002103482 
700 1 2 |a Niemann, Norbert,  |d 1961-  |7 xx0026722 
700 1 2 |a Morsbach, Petra,  |d 1956-  |7 mzk2010609587 
700 1 2 |a Kehlmann, Daniel,  |d 1975-  |7 jn20030312011 
700 1 2 |a Bánk, Zsuzsa,  |d 1965-  |7 xx0012638 
700 1 2 |a Holbein, Ulrich,  |d 1953-  |7 mzk2011657019 
700 1 2 |a Pedretti, Erica,  |d 1930-2022  |7 jo20000082564 
700 1 2 |a Richard, Bruno,  |d 1957- 
700 1 2 |a Lewitscharoff, Sibylle,  |d 1954-  |7 xx0032359 
700 1 2 |a Endler, Adolf,  |d 1930-2009  |7 mzk2010588095 
700 1 2 |a Strubel, Antje Rávic,  |d 1974-  |7 jn20020218008 
700 1 2 |a Rothmann, Ralf,  |d 1953-  |7 xx0011497 
700 1 2 |a Lange-Müller, Katja,  |d 1951-  |7 ola2003209080 
700 1 2 |a Zeindler, Peter,  |d 1934- 
700 1 2 |a Zeh, Juli,  |d 1974-  |7 xx0011092 
700 1 2 |a Rinke, Moritz,  |d 1967-  |7 jo2006346263 
700 1 2 |a Schoch, Julia,  |d 1974-  |7 xx0035587 
700 1 2 |a Hens, Gregor,  |d 1965-  |7 mzk2011657027 
700 1 2 |a Harms, Ingeborg,  |d 1956- 
700 1 2 |a Griebel, Christina,  |d 1973- 
910 |a BOA001  |b NK-0004.569 
990 |a BK 
991 |z 000045099  |x 44 
996 7 |b 261D006102  |c NK-0004.569  |l Německá knihovna/2.patro  |r ZHR  |n 15  |p {B-04.569}  |h B-antol  |w 000996526  |u 000010  |a 0  |e BOA001  |j MZK50  |s A